Loading...
| Literature - American Literature | 4 | 5 | 0 | 0 | 110 | 49 | 87.44 | 5 | 8 |
| Philosophy | 2 | 5 | 0 | 0 | 80 | 29 | 83.43 | 3 | 7 |
| Literature - World Literature | 3 | 3 | 0 | 0 | 75 | 43 | 73.17 | 2 | 6 |
| Fine Arts - Auditory Fine Arts | 1 | 4 | 1 | 0 | 50 | 75 | 101.00 | 0 | 4 |
| Fine Arts - Other Fine Arts | 1 | 3 | 0 | 0 | 45 | 62 | 77.25 | 4 | 4 |
| Literature - British Literature | 1 | 3 | 1 | 0 | 40 | 61 | 88.50 | 0 | 4 |
| Literature - European Literature | 0 | 4 | 2 | 1 | 30 | 78 | 94.00 | 0 | 4 |
| Fine Arts - Visual Fine Arts | 2 | 0 | 0 | 0 | 30 | 34 | 47.50 | 1 | 2 |
| Mythology | 0 | 2 | 0 | 0 | 20 | 70 | 93.50 | 1 | 2 |
| Social Science | 0 | 2 | 1 | 1 | 15 | 111 | 113.00 | 0 | 2 |
| History - World History | 1 | 0 | 0 | 0 | 15 | 50 | 50.00 | 0 | 1 |
| Other Academic | 1 | 0 | 0 | 0 | 15 | 54 | 54.00 | 1 | 1 |
| Pop Culture | 1 | 0 | 0 | 0 | 15 | 37 | 37.00 | 0 | 1 |
| History - European History | 1 | 0 | 0 | 0 | 15 | 39 | 39.00 | 1 | 1 |
| Science - Chemistry | 0 | 1 | 0 | 1 | 10 | 123 | 123.00 | 0 | 0 |
| Religion | 0 | 1 | 0 | 1 | 10 | 150 | 150.00 | 0 | 0 |
| Science - Physics | 0 | 1 | 0 | 0 | 10 | 64 | 64.00 | 0 | 1 |
| History - Other History | 0 | 1 | 1 | 0 | 5 | 75 | 75.00 | 1 | 1 |
| History - American History | 0 | 1 | 1 | 0 | 5 | 145 | 145.00 | 0 | 0 |
| Science - Biology | 0 | 0 | 0 | 0 | 0 | 0.00 | 0 | 0 | |
| Science - Other Science | 0 | 0 | 1 | 0 | -5 | 0.00 | 0 | 0 |